Carregando...
Classic Rabindranath Tagore
| Autor principal: | |
|---|---|
| Formato: | Printed Book |
| Publicado em: |
New Delhi:
Penguin Books,
2011.
|
| Assuntos: |
| LEADER | 00482cam a2200145ua 4500 | ||
|---|---|---|---|
| 999 | |c 44560 |d 44560 | ||
| 020 | |a 9780143416326 | ||
| 082 | |a In 823.8 |b TAG-C | ||
| 100 | |a Tagore, Rabindranath | ||
| 245 | |a Classic Rabindranath Tagore | ||
| 260 | |a New Delhi: |b Penguin Books, |c 2011. | ||
| 300 | |a 1126p. | ||
| 650 | |a Tagore-short stories | ||
| 942 | |c BK | ||
| 952 | |0 0 |1 0 |4 0 |6 IN_823_800000000000000_TAGC |7 0 |9 56521 |a KU |b KU |c GEN |d 2015-07-05 |g 599.00 |l 1 |o In 823.8 TAG-C |p CL01137 |r 2021-01-12 |s 2020-11-05 |y BK | ||